000 00516nam a2200181Ia 4500
003 GCL
008 140319s9999 xx 000 0 ara d
040 _aGCL /
_cGCL
082 0 4 _a400.7
_bح ا
100 1 _aحمادة ابراهيم
245 1 0 _aالاتجاهات المعاصرة /
_cحمادة ابراهيم
260 _a[S.N] :
_bدار الفكر العربى ،
_c1987
300 _a462 ص
490 _a
650 0 4 _aطرق التدريس
650 0 4 _aاللغة العربية
942 _2ddc
_cBK
999 _c44060
_d44060